[Event "Abu Dhabi op 29th"]
[Site "Abu Dhabi"]
[Date "2023.08.22"]
[Round "7"]
[White "Raja, Rithvik R"]
[Black "Xiang, Zeyu"]
[Result "1/2-1/2"]
[WhiteElo "2502"]
[BlackElo "2391"]
[PlyCount "102"]
[EventDate "2023.08.16"]
[EventType "swiss"]
[EventRounds "9"]
[EventCountry "UAE"]
[SourceTitle "EXT 2024"]
[Source "ChessBase"]
[SourceDate "2023.10.10"]
[SourceVersion "1"]
[SourceVersionDate "2023.10.10"]
[SourceQuality "1"]

1. d4 d5 2. c4 e6 3. Nf3 Nf6 4. Nc3 Be7 5. Bf4 0-0 6. e3 Nbd7 7. c5 c6 8. b4 b6 9. h4 a5 10. a3 h6 11. Qc1 Bb7 12. Bd3 Qc8 13. 0-0 Ba6 14. Qc2 Bxd3 15. Qxd3 Qb7 16. Rfb1 axb4 17. axb4 Rxa1 18. Rxa1 Ra8 19. Qb1 Bd8 20. Ra2 Ne8 21. Qa1 Rxa2 22. Qxa2 Bc7 23. Bxc7 Nxc7 24. Qa4 Kf8 25. g3 Kg8 26. Kg2 Na6 27. e4 Nc7 28. e5 Qa8 29. Qxa8+ Nxa8 30. Nd2 f6 31. f4 h5 32. Kf3 f5 33. Nb3 b5 34. Na5 Nb8 35. Ke3 Kf7 36. Kd3 Ke7 37. Ne2 Nc7 38. Kc3 Nca6 39. Ng1 Nc7 40. Nf3 Nca6 41. Ng5 Nc7 42. Nb7 Nd7 43. Nd6 Nf8 44. Kb3 Kd7 45. Kc3 Ke7 46. Nb7 Na6 47. Na5 Nb8 48. Kb3 Ke8 49. Nh3 Kd7 50. Ng1 Kc7 51. Nf3 Kd7 1/2-1/2

[Event "Abu Dhabi op 29th"]
[Site "Abu Dhabi"]
[Date "2023.08.19"]
[Round "4"]
[White "Pranesh, M."]
[Black "Xiang, Zeyu"]
[Result "1/2-1/2"]
[WhiteElo "2503"]
[BlackElo "2391"]
[PlyCount "80"]
[EventDate "2023.08.16"]
[EventType "swiss"]
[EventRounds "9"]
[EventCountry "UAE"]
[SourceTitle "EXT 2024"]
[Source "ChessBase"]
[SourceDate "2023.10.10"]
[SourceVersion "1"]
[SourceVersionDate "2023.10.10"]
[SourceQuality "1"]

1. e4 e5 2. Nf3 Nc6 3. Bb5 Nf6 4. d3 Bc5 5. c3 0-0 6. 0-0 d6 7. Nbd2 Bb6 8. Nc4 Ne7 9. Re1 c6 10. Nxb6 axb6 11. Ba4 b5 12. Bc2 Ng6 13. d4 Re8 14. h3 h6 15. a3 Qc7 16. Be3 Be6 17. Nd2 Rad8 18. Qf3 Qe7 19. Rad1 Kh8 20. Qe2 Qc7 21. f3 Nh5 22. Qf2 Qe7 23. dxe5 dxe5 24. g3 Qf6 25. h4 Nf8 26. Nf1 Rxd1 27. Rxd1 Rd8 28. Kh2 Qe7 29. Rxd8 Qxd8 30. Qd2 Nd7 31. Kg2 Kg8 32. Bf2 g5 33. hxg5 hxg5 34. Ne3 Ng7 35. Bd1 Qe7 36. Be2 Nb6 37. g4 Nc4 38. Bxc4 Bxc4 39. Kg3 Be6 40. b4 f6 1/2-1/2

[Event "CHN-chB"]
[Site "Qiziwan"]
[Date "2023.02.04"]
[Round "11"]
[White "Xiang, Zeyu"]
[Black "Jiang, Qinyu"]
[Result "0-1"]
[WhiteElo "2435"]
[BlackElo "2238"]
[PlyCount "74"]
[EventDate "2023.01.30"]
[EventType "swiss"]
[EventRounds "11"]
[EventCountry "CHN"]
[SourceTitle "CBM 212 Extra"]
[Source "ChessBase"]
[SourceDate "2023.03.31"]
[SourceVersion "1"]
[SourceVersionDate "2023.03.31"]
[SourceQuality "1"]

1. d4 d5 2. c4 c6 3. Nf3 Nf6 4. Nc3 e6 5. e3 Bd6 6. Bd3 dxc4 7. Bxc4 b5 8. Bd3 0-0 9. 0-0 a6 10. b3 c5 11. Bb2 Bb7 12. dxc5 Bxc5 13. Rc1 Nbd7 14. h3 h6 15. Qe2 Qe7 16. Rfd1 Rac8 17. e4 Rfd8 18. e5 Nd5 19. Nxd5 Bxd5 20. Bd4 Bxf3 21. Qxf3 Bxd4 22. Rxc8 Rxc8 23. Qe4 Bxf2+ 24. Kxf2 g6 25. Bb1 Qc5+ 26. Qd4 Qxd4+ 27. Rxd4 Nxe5 28. Rd6 Rc6 29. Rxc6 Nxc6 30. Ke3 Kf8 31. Bd3 Ke7 32. a4 bxa4 33. bxa4 a5 34. Bb5 Kd6 35. g4 f5 36. gxf5 gxf5 37. h4 e5 0-1

[Event "CHN-chB"]
[Site "Qiziwan"]
[Date "2023.01.31"]
[Round "3"]
[White "Xiang, Zeyu"]
[Black "Gao, Kai"]
[Result "1-0"]
[WhiteElo "2435"]
[BlackElo "1899"]
[PlyCount "121"]
[EventDate "2023.01.30"]
[EventType "swiss"]
[EventRounds "11"]
[EventCountry "CHN"]
[SourceTitle "CBM 212 Extra"]
[Source "ChessBase"]
[SourceDate "2023.03.31"]
[SourceVersion "1"]
[SourceVersionDate "2023.03.31"]
[SourceQuality "1"]

1. d4 d5 2. c4 e6 3. Nc3 Nf6 4. cxd5 exd5 5. Bg5 Be7 6. e3 Nbd7 7. Bd3 c6 8. h3 Ne4 9. Bxe7 Qxe7 10. Bxe4 dxe4 11. Qg4 Nf6 12. Qxg7 Rg8 13. Qh6 Rxg2 14. Nge2 Rg6 15. Qh4 Be6 16. 0-0-0 b5 17. Kb1 0-0-0 18. Ka1 Re8 19. Nf4 Rgg8 20. Rhg1 Bf5 21. Rxg8 Nxg8 22. Qg3 Nf6 23. Qg5 Be6 24. Nh5 Nd5 25. Qxe7 Rxe7 26. Nxd5 Bxd5 27. Nf4 Kd7 28. Rg1 f6 29. Nh5 f5 30. b3 Kd6 31. Kb2 a5 32. Rg5 Be6 33. Nf4 Kd7 34. Rh5 Rg7 35. Rh6 Bf7 36. Rf6 Bg6 37. d5 cxd5 38. Kc3 Rg8 39. Rb6 Rc8+ 40. Kd2 Rc5 41. a3 Kc7 42. Ra6 Kb7 43. Rxa5 Be8 44. a4 Kb6 45. Ra8 Bc6 46. Rb8+ Ka7 47. Ne6 Kxb8 48. Nxc5 bxa4 49. bxa4 Kc7 50. Kc3 Kb6 51. Kb4 d4 52. a5+ Ka7 53. exd4 f4 54. Kc3 Bd5 55. Kd2 h6 56. h4 Kb8 57. Nd7+ Kc7 58. Nf6 Bb7 59. Nh5 e3+ 60. fxe3 f3 61. Ke1 1-0

[Event "CHN-chB"]
[Site "Qiziwan"]
[Date "2023.01.30"]
[Round "2"]
[White "Liu, Yiming1111"]
[Black "Xiang, Zeyu"]
[Result "0-1"]
[WhiteElo "1482"]
[BlackElo "2435"]
[PlyCount "88"]
[EventDate "2023.01.30"]
[EventType "swiss"]
[EventRounds "11"]
[EventCountry "CHN"]
[SourceTitle "CBM 212 Extra"]
[Source "ChessBase"]
[SourceDate "2023.03.31"]
[SourceVersion "1"]
[SourceVersionDate "2023.03.31"]
[SourceQuality "1"]

1. e4 c5 2. Nf3 e6 3. d4 cxd4 4. Nxd4 Nc6 5. Nc3 Qc7 6. Be3 Nf6 7. g4 Bb4 8. f3 a6 9. g5 Nh5 10. Qd2 Ne7 11. f4 h6 12. Bg2 hxg5 13. fxg5 Ng6 14. 0-0-0 b5 15. Rhf1 Ne5 16. Kb1 Bxc3 17. bxc3 Bb7 18. Qe1 Rc8 19. Nb3 d6 20. Bd4 Nc4 21. g6 f6 22. Bh3 Ke7 23. Rd3 Rcf8 24. Bg4 e5 25. Bg1 Bc8 26. Bf5 a5 27. Nc1 Ba6 28. Ka1 Na3 29. Rf2 Nf4 30. Rdf3 Ne6 31. Bxe6 Kxe6 32. Qd1 Bb7 33. Qd3 Rh4 34. Re2 Qc6 35. Rh3 Rfh8 36. Rxh4 Rxh4 37. Qg3 Rh8 38. Qd3 Ba6 39. Re3 b4 40. Qd1 bxc3 41. Qg4+ Ke7 42. Rh3 Nxc2+ 43. Kb1 Na3+ 44. Ka1 Qb5 0-1

[Event "CHN-chT"]
[Site "Liaocheng"]
[Date "2021.10.20"]
[Round "1.3"]
[White "Xiang, Zeyu"]
[Black "Lin, Weiguo"]
[Result "1/2-1/2"]
[WhiteElo "2437"]
[BlackElo "2371"]
[PlyCount "115"]
[EventDate "2021.10.20"]
[EventType "team-swiss"]
[EventRounds "9"]
[EventCountry "CHN"]
[SourceTitle "CBM 204 Extra"]
[Source "ChessBase"]
[SourceDate "2021.11.30"]
[SourceVersion "1"]
[SourceVersionDate "2021.11.30"]
[SourceQuality "1"]
[WhiteTeam "Hangzhou"]
[BlackTeam "Hubei"]
[WhiteTeamCountry "CHN"]
[BlackTeamCountry "CHN"]

1. d4 Nf6 2. c4 e6 3. Nc3 d5 4. cxd5 Nxd5 5. e4 Nxc3 6. bxc3 c5 7. Rb1 cxd4 8. cxd4 Be7 9. Bb5+ Bd7 10. Bd3 Nc6 11. Nf3 Nb4 12. Be2 Rc8 13. 0-0 Nxa2 14. Bd2 Nc3 15. Bxc3 Rxc3 16. Rxb7 Rc7 17. Qb1 0-0 18. Rc1 Rxb7 19. Qxb7 a5 20. Ne5 Ba4 21. d5 exd5 22. exd5 Bd6 23. Nc6 Qg5 24. Rf1 Kh8 25. Qa6 Qxd5 26. Bf3 Qe6 27. Qxa5 Bxc6 28. Bxc6 Bxh2+ 29. Kxh2 Qxc6 30. Re1 h6 31. Qe5 Qg6 32. Re3 f5 33. Rf3 Rf6 34. Rg3 Qf7 35. Re3 Kh7 36. Qe7 Qc4 37. Qe5 Qc2 38. Re2 Qc6 39. Re3 Rg6 40. Rg3 Rxg3 41. Qxg3 Qe4 42. Qd6 Qh4+ 43. Kg1 Qg5 44. Qe6 h5 45. Qd6 Qg4 46. Kh2 Qe4 47. Qb6 Qe5+ 48. Kg1 g6 49. Qb4 f4 50. f3 Kh6 51. Qf8+ Kg5 52. Qd8+ Qf6 53. Qd2 h4 54. Qd7 Kh6 55. Qc8 Qe5 56. Kh2 Kg7 57. Qd7+ Kh6 58. Qc8 1/2-1/2

[Event "CHN-ch blitz"]
[Site "Shenyang"]
[Date "2019.12.18"]
[Round "1"]
[White "Xiang, Zeyu"]
[Black "Xu, Xiangyu"]
[Result "1/2-1/2"]
[WhiteElo "2260"]
[BlackElo "2494"]
[PlyCount "47"]
[EventDate "2019.12.18"]
[EventType "swiss (blitz)"]
[EventRounds "9"]
[EventCountry "CHN"]
[SourceTitle "CBM 193 Extra"]
[Source "ChessBase"]
[SourceDate "2020.01.31"]
[SourceVersion "1"]
[SourceVersionDate "2020.01.31"]
[SourceQuality "1"]

1. d4 d5 2. c4 dxc4 3. e3 Nf6 4. Bxc4 e6 5. Nf3 c5 6. 0-0 Nc6 7. dxc5 Qxd1 8. Rxd1 Bxc5 9. a3 a6 10. b4 Be7 11. Bb2 b5 12. Be2 Bb7 13. Nc3 0-0 14. Rac1 Rfd8 15. h3 h6 16. Kf1 Kf8 17. Ke1 Ke8 18. Rxd8+ Rxd8 19. Rd1 Rc8 20. Rc1 Nd8 21. Nd1 Nc6 22. Nc3 Nd8 23. Nd1 Nc6 24. Nc3 1/2-1/2

[Event "New Star Super m"]
[Site "Beijing"]
[Date "2019.12.11"]
[Round "3.1"]
[White "Xiang, Zeyu"]
[Black "Li, Di"]
[Result "1/2-1/2"]
[WhiteElo "2313"]
[BlackElo "2390"]
[PlyCount "48"]
[EventDate "2019.12.09"]
[EventType "k.o. (rapid)"]
[EventRounds "5"]
[EventCountry "CHN"]
[SourceTitle "EXT 2021"]
[Source "ChessBase"]
[SourceDate "2020.10.23"]
[SourceVersion "1"]
[SourceVersionDate "2020.10.23"]
[SourceQuality "1"]

1. d4 d5 2. c4 e6 3. Nc3 c6 4. e3 Nf6 5. Nf3 Nbd7 6. Bd3 dxc4 7. Bxc4 b5 8. Bd3 Bb7 9. e4 b4 10. Na4 c5 11. e5 Nd5 12. dxc5 Nxc5 13. Nxc5 Bxc5 14. Bb5+ Ke7 15. 0-0 Qb6 16. Bd3 h6 17. Qe2 Rac8 18. Bd2 Rhd8 19. Rad1 Kf8 20. Bc1 a5 21. Bd2 Ne7 22. Bf4 Nd5 23. Bd2 Ne7 24. Bf4 Nd5 1/2-1/2